| 000 | 01562njm a22003257a 4500 | ||
|---|---|---|---|
| 005 | 20100913140044.0 | ||
| 006 | a|||||r|||||00| 0 | ||
| 007 | sd ammalaaahaa | ||
| 008 | 100910t xxu||||| |||| 00| 0 eng d | ||
| 028 |
_aBOEC-8757 _bOdeon |
||
| 035 | _aGR-02070 | ||
| 040 | _aSED/VEN | ||
| 100 |
_91184 _aKishore Kumar |
||
| 245 |
_aAanshu aor Muskan Part. 1,Part 2 / _cSung by Kishore Kumar ,Mahender Kapoor ;Music Kalyan Ji, Ananad ji ; Lyric Indiver ,Qmar Jalalabadi; _hHindi film |
||
| 246 | _a(आंशु ओर मुस्कान ) किशोरे कुमार ,महेंदर कपूर | ||
| 260 |
_aDum Dum, India _bOdeon _c1970 |
||
| 300 |
_a1 sound disc : [Gramophone Record] _banalog, 45 rpm _c7 in. _fGramophone Records |
||
| 500 | _aBrief record. | ||
| 500 | _aOdean | ||
| 500 | _aBlack | ||
| 505 | _aपार्ट १ गुनी जानो भगत जानो (अंशु ओर मुस्कान )किशोरे कुमार ,महेंदर कपूर Part 1 Guni jano bhagat jano (Aanshu aor Muskan)Kishore Kumar ,Mahender Kapoor पार्ट २ नेकी तेरे साथ Part 2 naki tere sath | ||
| 650 |
_xExcerpts _zIndia _919370 _aClassical music _vFilmi song |
||
| 700 |
_919371 _aMahendera Kapoor |
||
| 700 |
_aKalyan ji _919754 |
||
| 700 |
_919372 _aAnanad Ji |
||
| 700 |
_aIndiver _919755 |
||
| 700 |
_aQmar Jalala Badi _919756 |
||
| 942 |
_2ddc _cGR |
||
| 999 |
_c45416 _d45416 |
||